El lazarillo contado a los niños / (Registro nro. 12601)

Detalles MARC
000 -LIDER
fixed length control field 00832nam a22002657a 4500
003 - IDENTIFICACDOR DE NÚMERO DE CONTROL
control field DO-SdBNP
005 - DATE AND TIME OF LATEST TRANSACTION
control field 20220607105126.0
008 - ELEMENTOS DE LONGITUD FIJA
fixed length control field 170731b 2009 sp 0 spa d
020 ## - ISBN
International Standard Book Number 9788423678891
040 ## - FUENTE DE CATALOGACIÓN
Agencia que crea de manera original el registro BPMSU
Idioma de catalogación spa
Agencia que realiza la transcripción BPMSU
082 ## - NÚMERO DE CLASIFICACIÓN DECIMAL DE DEWEY
Classification number 863.6
Item number N322l 2009
Edition number 22
100 1# - ASIENTO PRINCIPAL -- NOMBRE PERSONAL
Nombre personal Navarro Durán, Rosa
245 ## - MENCIÓN DE TITULO
Título El lazarillo contado a los niños /
Mención de responsabilidad Rosa Navarro Durán ; ilustraciones de Frances Rovira.
250 ## - MENCIÓN DE EDICION
Mención de edición 6a. ed.
260 ## - PUBLICACIÓN, DISTRIBUCIÓN, ETC. (PIE DE IMPRENTA)
Lugar de publicación, distribución, etc Barcelona :
Nombre del editor, distribuidor, etc. Edebé,
Fecha de publicación, distribución, etc 2009
300 ## - DESCRIPCIÓN FÍSICA
Extensión 169 p. ;
Otros detalles físicos 25 cm.
Dimensiones
490 0# - MENCIÓN DE SERIES
Mención de serie Clásicos contados a los ñiños
590 ## - NOTA LOCAL
Enlace Inventariado, 2022/VM
600 ## - ENCABEZAMIENTO DE MATERIA--NOMBRE PERSONAL
Nombre personal Clásicos contados a los ñiños
650 #4 - ENCABEZAMIENTO DE MATERIA--TEMÁTICO
Término temático o nombre geográfico como elemento de entrada Novela juvenil española.
650 #4 - ENCABEZAMIENTO DE MATERIA--TEMÁTICO
Término temático o nombre geográfico como elemento de entrada Novela picaresca española.
700 1# - ASIENTO SECUNDARIO -- NOMBRE PERSONAL
Nombre personal Navarro Durán, Rosa
Mención de responsabilidad ilustraciones
910 ## - VALIDACIÓN
Validación VMateo V.
942 ## - ADDED ENTRY ELEMENTS (KOHA)
Source of classification or shelving scheme Dewey Decimal Classification
Koha item type Libros
Existencias
Withdrawn status Lost status Source of classification or shelving scheme Damaged status Not for loan Collection code Home library Current library Date acquired Full call number Barcode Date last seen Price effective from Koha item type Copy number
    Dewey Decimal Classification     Colección Juvenil General Biblioteca Pública Metropolitana Salomé Ureña Biblioteca Pública Metropolitana Salomé Ureña 08/01/2017 BPMSU CIG 863.6 N322l 2009 BPMSU17080002 08/01/2017 08/01/2017 Libros  
    Dewey Decimal Classification     Colección Juvenil General Biblioteca Pública Metropolitana Salomé Ureña Biblioteca Pública Metropolitana Salomé Ureña 08/03/2017 BPMSU CIG 863.6 N322l 2009 BPMSU17080003 08/03/2017 08/03/2017 Libros e. 2
    Dewey Decimal Classification     Colección Juvenil General Biblioteca Pública Metropolitana Salomé Ureña Biblioteca Pública Metropolitana Salomé Ureña 08/03/2017 BPMSU CIG 63.6 N322l 2009 BPMSU17080004 08/03/2017 08/03/2017 Libros e. 3